03407cam a2200505 i 45000010009000000050017000090070003000260080041000290100017000700160018000870200018001050200015001230200018001380200015001560200018001710350024001890410008002130420014002210820015002351000021002502450046002712500020003172600038003372640085003753000042004603360021005023370025005233380023005485000028005715040051005995201759006506500022024096500021024316500034024526500021024866500020025076500038025276500019025656500033025846500021026179060045026389420007026839990017026909520194027072307251920250417093048.0ta230419s2023 enka b 001 0 eng d a 20239368547 a0210608762Uk a9781035309412 a1035309416 a9781035309399 a1035309394 z9781035309405 a(OCoLC)on1381125930 aeng alccopycat04a338.04 VAL1 aValliere, David,10aEntrepreneurial Thinking: Think Different aSecond edition. aUKbEdward Elgar Publishingc2023 1aCheltenham, UK ;aNorthampton, Massachusetts :bEdward Elgar Publishing,c[2023] axi, 191 pages :25 cmbillustrations ; atext2rdacontent aunmediated2rdamedia avolume2rdacarrier aPrevious edition: 2019. aIncludes bibliographical references and index. a"Dispelling common entrepreneurship myths, this updated textbook introduces the cutting-edge knowledge of entrepreneurship: the theories and empirical evidence rigorously developed by leading researchers. Helping aspiring entrepreneurs to think from a different perspective and avoid preventable mistakes, Entrepreneurial Thinking offers a summary of the most valuable and surprising contemporary research, translating it into clearly beneficial lessons, while emphasizing the entrepreneurial mindset crucial to venture success. Key Features: - Short and accessible synopses of 44 of the most influential research papers to advance students' knowledge on best practice in entrepreneurial thinking, especially in how to see opportunities that others overlook - Examples of how to use available resources in unconventional ways, as well as explanations of cognitive biases that trap most fledgling entrepreneurs - New practical application boxes on social entrepreneurship, entrepreneurial self-efficacy, cognitive bias self-reflection, and the importance of creative play - A consistent structure allowing students to understand the questions asked, the answers available and implications of each research paper effectively, and place research into practical situations plus added discussion of important new research on entrepreneurial ecosystems, and venture lifecycle and legitimacy. An excellent guide for students of entrepreneurship, Entrepreneurial Thinking is a brilliant overview of current research with practical benefits for the entrepreneurs of the future. It distills the most important points from entrepreneurship research into practical and valuable insights for anyone who wants to increase their chances of success with a new venture"-- 0aEntrepreneurship. 0aEntrepreneurship 0aCreative ability in business. 6aEntrepreneuriat. 6aEntrepreneuriat 6aCréativité dans les affaires. 7aentrepreneurs. 7aCreative ability in business 7aEntrepreneurship a7bcbcccopycatd2encipf20gy-gencatlg cBK c43595d43595 00102ddc4070aIMTNbIMTNcRack 11-Bd2025-03-28eRaghav Books private Limitedg3222.14i2374l1o338.04 VALp33882r2025-07-15 00:00:00s2025-07-03t33w2025-02-14yBKzMr. Shridhar Rao